[Event "Guernsey Open"]
[Site "GCI"]
[Date "2005.10.20"]
[Round "5"]
[White "Gravett, Alan D"]
[Black "Horton Kitchlew, Andrew"]
[Result "1-0"]
[WhiteElo "1975"]
[BlackElo "2121"]
[PlyCount "133"]
[EventDate "2005.10.16"]

1. g3 Nc6 2. Bg2 h5 3. Nf3 e5 4. d3 Bc5 5. Nbd2 h4 6. Nxh4 Rxh4 7. gxh4 Bxf2+
8. Kxf2 Qxh4+ 9. Kf1 Qf6+ 10. Nf3 d5 11. Bg5 Qf5 12. e4 dxe4 13. dxe4 Qxe4 14.
Nxe5 Bh3 15. Nf3 Qc4+ 16. Kf2 Be6 17. Re1 Qc5+ 18. Be3 Qb4 19. Nd4 O-O-O 20. c3
Qxb2+ 21. Qc2 Qxc2+ 22. Nxc2 Ne5 23. Red1 Re8 24. h3 Ne7 25. Nd4 Bc4 26. Rab1
b6 27. a4 Nd3+ 28. Kg1 Ng6 29. Bc1 Nh4 30. Bc6 Re5 31. Bb5 Bxb5 32. Rxb5 Nc5
33. a5 Kb7 34. Nb3 Ka6 35. c4 c6 36. Nxc5+ bxc5 37. Rb8 Nf3+ 38. Kf2 Nd4 39.
Re1 Rf5+ 40. Kg2 Rf6 41. Re7 Rg6+ 42. Kf2 Rf6+ 43. Ke1 Nf3+ 44. Kd1 Rd6+ 45.
Kc2 Rd4 46. Kb3 Rd3+ 47. Kb2 Nd4 48. Rbb7 Kxa5 49. Rxa7+ Kb4 50. Reb7+ Kxc4 51.
Ra3 Rd1 52. Rxf7 Rg1 53. Be3 Rg2+ 54. Rf2 Rg6 55. h4 Rg4 56. Bg5 Kb5 57. Re3 c4
58. Kc3 c5 59. Re5 Rg3+ 60. Be3 g6 61. Rb2+ Kc6 62. Kxc4 Nf5 63. Rxc5+ Kd7 64.
Rb7+ Ke6 65. Rb6+ Kf7 66. Rc7+ Ne7 67. Bg5 1-0

[Event "Guernsey Open"]
[Site "GCI"]
[Date "2005.10.20"]
[Round "5"]
[White "Hamperl, Fred A"]
[Black "Goris, Ton"]
[Result "0-1"]
[WhiteElo "2002"]
[BlackElo "2108"]
[PlyCount "102"]
[EventDate "2005.10.16"]

1. e4 e6 2. d4 d5 3. exd5 exd5 4. c4 Nc6 5. c5 Nge7 6. Bg5 Be6 7. Bb5 f6 8. Bf4
a6 9. Ba4 b5 10. cxb6 cxb6 11. Ne2 b5 12. Bb3 Ng6 13. O-O Bd6 14. Bg3 O-O 15.
f4 Nge7 16. Nbc3 Rc8 17. Rc1 Na5 18. Bc2 Nc4 19. f5 Bf7 20. Nf4 Ne3 21. Qd3
N7xf5 22. Bb3 Nxf1 23. Rxf1 Nxg3 24. hxg3 Bxf4 25. gxf4 Qd6 26. Rf3 Rfe8 27.
Rh3 g6 28. Qg3 Qe7 29. Qf3 Kg7 30. f5 b4 31. fxg6 hxg6 32. Nxd5 Rc1+ 33. Kh2
Qd6+ 34. Nf4 Bxb3 35. axb3 Rh8 36. Rxh8 Kxh8 37. g3 Rc2+ 38. Kh3 Qd7+ 39. g4
Qh7+ 40. Nh5 gxh5 41. Qxf6+ Qg7 42. Qd8+ Kh7 43. g5 Rc7 44. Qe8 Qd7+ 45. Qxd7+
Rxd7 46. Kh4 Kg6 47. Kg3 Rxd4 48. Kf3 Kxg5 49. Ke3 Rd8 50. Kf3 Rd3+ 51. Ke2
Rxb3 0-1

[Event "Guernsey Open"]
[Site "GCI"]
[Date "2005.10.20"]
[Round "5"]
[White "Goris Schouwstra, Adry"]
[Black "Barnard, Paul E"]
[Result "0-1"]
[WhiteElo "1916"]
[BlackElo "2066"]
[PlyCount "54"]
[EventDate "2005.10.16"]

1. d4 d5 2. Nf3 Nf6 3. c4 c6 4. cxd5 cxd5 5. e3 e6 6. Bb5+ Bd7 7. Bd3 Bb4+ 8.
Bd2 Bxd2+ 9. Nbxd2 O-O 10. Ne5 Nc6 11. Nxd7 Qxd7 12. Rc1 Rac8 13. O-O Nb4 14.
Bb1 Rxc1 15. Qxc1 Rc8 16. Qd1 Rc7 17. a3 Nc6 18. Qa4 b6 19. b4 Nxd4 20. Qd1 Rc1
21. exd4 Rxd1 22. Rxd1 g6 23. Bd3 Qc7 24. Nb1 Qf4 25. Be2 Ne4 26. Bf3 Nd6 27.
h3 Nf5 0-1

[Event "Guernsey Open"]
[Site "GCI"]
[Date "2005.10.20"]
[Round "5"]
[White "Murray, John Steven"]
[Black "Finch, Russell"]
[Result "1-0"]
[WhiteElo "2031"]
[BlackElo "1650"]
[PlyCount "111"]
[EventDate "2005.10.16"]

1. e4 g6 2. d4 Bg7 3. Nf3 c6 4. Nc3 d5 5. e5 Bg4 6. Be2 Bxf3 7. Bxf3 Nh6 8. Bg5
f6 9. exf6 exf6 10. Bf4 O-O 11. O-O Na6 12. Qd2 Nf5 13. Rae1 Qb6 14. Ne2 Rfe8
15. c3 Nc7 16. Bg4 Ne7 17. Nc1 g5 18. Bd6 Ng6 19. Nd3 Nb5 20. Bg3 Kf7 21. a4
Nxd4 22. cxd4 Qxd4 23. Bd1 c5 24. Qc3 Qxc3 25. bxc3 f5 26. f4 Bxc3 27. Rxe8
Rxe8 28. Nxc5 Bd4+ 29. Bf2 Bxf2+ 30. Rxf2 Re1+ 31. Rf1 Rxf1+ 32. Kxf1 Nxf4 33.
Nxb7 h6 34. Nc5 Ne6 35. Nxe6 Kxe6 36. Ke2 Ke5 37. Kd3 g4 38. g3 h5 39. Be2 Ke6
40. Kd4 Kd6 41. Bd3 Ke6 42. Bf1 f4 43. gxf4 Kf5 44. Bg2 Kxf4 45. Bxd5 h4 46. a5
h3 47. a6 Kf5 48. Kc5 Kf4 49. Kc6 Ke3 50. Kb7 Kf2 51. Kxa7 Kg1 52. Kb7 Kxh2 53.
a7 g3 54. a8=Q g2 55. Qb8+ Kg1 56. Qg3 1-0

[Event "Guernsey Open"]
[Site "GCI"]
[Date "2005.10.20"]
[Round "5"]
[White "Dawson, Jeffery"]
[Black "Cummins, John"]
[Result "1/2-1/2"]
[WhiteElo "1982"]
[BlackElo "1921"]
[PlyCount "148"]
[EventDate "2005.10.16"]

1. e4 c5 2. Nf3 a6 3. g3 Nc6 4. Bg2 g6 5. O-O Bg7 6. c3 e5 7. d3 Nge7 8. Be3 d6
9. Na3 O-O 10. d4 cxd4 11. cxd4 Bg4 12. Nc2 d5 13. exd5 Nxd5 14. h3 Nxe3 15.
fxe3 Be6 16. dxe5 Nxe5 17. Nfd4 Bd5 18. b3 Bxg2 19. Kxg2 Rc8 20. Qe2 Qd5+ 21.
Kh2 Rfe8 22. Rad1 Qc5 23. Ne1 Qb6 24. Qf2 Re7 25. Ng2 Rce8 26. Nf4 Qc5 27. Rd2
Nd7 28. Nf3 Nf6 29. Rd3 h6 30. Ng2 Ne4 31. Qe2 Qc7 32. Nf4 Nxg3 33. Kxg3 g5 34.
Qg2 gxf4+ 35. exf4 Qb6 36. Rd2 Qg6+ 37. Kh2 Bc3 38. Rc2 Bf6 39. Rg1 Kh7 40.
Qxg6+ fxg6 41. Rgg2 Rg8 42. Rcd2 Rge8 43. Rd6 Re6 44. Rd7+ R6e7 45. Rgd2 Kg8
46. Kg3 Kf8 47. R2d5 Re2 48. Rd2 Rxd2 49. Nxd2 Rd8 50. Rxd8+ Bxd8 51. Ne4 Be7
52. Nf2 Kg7 53. Kf3 b6 54. Ke4 a5 55. Kd5 Bc5 56. Ne4 Be3 57. Ke5 Bg1 {(=)} 58.
Nc3 Kf7 59. Nd5 Bc5 60. a4 Kg7 61. Ke6 h5 62. Kd7 Kh6 63. Kc6 g5 64. fxg5+ Kxg5
65. Nxb6 Bf2 66. Nd5 Be1 67. Kb5 Bd2 68. b4 axb4 69. Nxb4 Kh4 70. a5 Kxh3 71.
a6 Be3 72. Nd5 Ba7 73. Nf4+ Kg4 74. Nxh5 Kxh5 1/2-1/2

[Event "Guernsey Open"]
[Site "GCI"]
[Date "2005.10.20"]
[Round "5"]
[White "Rowe, Peter"]
[Black "Nicholson, John"]
[Result "1/2-1/2"]
[WhiteElo "2071"]
[BlackElo "2000"]
[PlyCount "32"]
[EventDate "2005.10.16"]

1. d4 d5 2. Nf3 Nf6 3. Bf4 e6 4. e3 Bd6 5. Ne5 Nbd7 6. Nd2 O-O 7. Bd3 Qe7 8.
Qf3 Ne8 9. Qh3 g6 10. Bh6 Ng7 11. f4 c5 12. c3 f6 13. Bxg7 Kxg7 14. Nxd7 Bxd7
15. g4 e5 16. dxc5 Bxc5 1/2-1/2

[Event "Guernsey Open"]
[Site "GCI"]
[Date "2005.10.20"]
[Round "5"]
[White "Ruigrok, Jacques"]
[Black "Spanton, Timothy"]
[Result "0-1"]
[WhiteElo "1785"]
[BlackElo "2018"]
[PlyCount "60"]
[EventDate "2005.10.16"]

1. e4 e5 2. Nf3 Nc6 3. d4 exd4 4. c3 d5 5. exd5 Qxd5 6. cxd4 Bg4 7. Be2 Nf6 8.
Nc3 Bb4 9. O-O Bxc3 10. bxc3 O-O 11. c4 Qd6 12. Be3 Rad8 13. Rb1 b6 14. d5 Bxf3
15. Bxf3 Ne5 16. Bf4 Rfe8 17. Re1 Nxf3+ 18. Qxf3 Qc5 19. Bg5 Qxc4 20. Bxf6 gxf6
21. Qxf6 Qxd5 22. Qf4 c5 23. a4 Qd4 24. Qg3+ Kh8 25. Qb3 Qb4 26. Qxb4 cxb4 27.
Rec1 a5 28. Rc7 Kg7 29. Rb7 Re6 30. g3 Rd2 0-1

[Event "Guernsey Open"]
[Site "GCI"]
[Date "2005.10.20"]
[Round "5"]
[White "Mihajlova, Diana"]
[Black "Morcom, Huw"]
[Result "0-1"]
[WhiteElo "1152"]
[BlackElo "1965"]
[PlyCount "62"]
[EventDate "2005.10.16"]

1. e4 c5 2. c3 d6 3. d4 Nf6 4. Bd3 cxd4 5. cxd4 Nc6 6. d5 Ne5 7. Qa4+ Bd7 8.
Bb5 Nd3+ 9. Ke2 Nxc1+ 10. Kd2 Qb6 11. Nh3 Bxb5 12. Qc2 Nd3 13. Nc3 Nxf2 14.
Nxf2 Qxf2+ 15. Kc1 Qxc2+ 16. Kxc2 Rc8 17. Kb3 Bc4+ 18. Ka3 Nxe4 19. Rhd1 Nxc3
20. bxc3 e6 21. dxe6 Bxe6 22. Rac1 Be7 23. Rc2 O-O 24. Rb1 Bf5 25. Rxb7 Bxc2
26. Rxe7 Rxc3+ 27. Kb4 Rfc8 28. Ka5 Kf8 29. Rxa7 Ra3+ 30. Kb6 Rxa7 31. Kxa7 d5
0-1

[Event "Guernsey Open"]
[Site "GCI"]
[Date "2005.10.20"]
[Round "5"]
[White "Downey, Keith"]
[Black "Goman, Colin"]
[Result "1/2-1/2"]
[WhiteElo "1821"]
[BlackElo "1919"]
[PlyCount "127"]
[EventDate "2005.10.16"]

1. c4 Nf6 2. Nf3 d6 3. d4 g6 4. Nc3 Bg7 5. g3 O-O 6. Bg2 c5 7. O-O a6 8. dxc5
dxc5 9. Qxd8 Rxd8 10. Be3 b6 11. Ne5 Ra7 12. Rad1 Rf8 13. Na4 Nfd7 14. Nxd7
Nxd7 15. b4 Rc7 16. bxc5 bxc5 17. Rd2 Bd4 18. Bf4 Be5 19. Rxd7 Rxd7 20. Bxe5
Rd2 21. Nxc5 Rxe2 22. Bf4 Rxa2 23. Rd1 Bg4 24. f3 Bf5 25. Bf1 Kg7 26. Ne4 Rc8
27. g4 Bxe4 28. fxe4 a5 29. Rc1 a4 30. c5 a3 31. c6 Rb2 32. Be5+ f6 33. Bxb2
axb2 34. Rb1 Rxc6 35. Rxb2 Re6 36. Rb4 Re5 37. Kf2 h5 38. h3 hxg4 39. hxg4 Rg5
40. Be2 Rc5 41. Bc4 Kh6 42. Kf3 Kg7 43. Ke3 Kh6 44. Kd4 Ra5 45. Bd5 Kg5 46. Be6
Kf4 47. Bf7 g5 48. Be6 Re5 49. Bc8 Rxe4+ 50. Kc3 Rxb4 51. Kxb4 Ke5 52. Kc4 e6
53. Kd3 f5 54. gxf5 exf5 55. Ke3 g4 56. Kf2 Kf4 57. Kg2 Kg5 58. Kg3 f4+ 59. Kg2
Kh4 60. Be6 Kg5 61. Bd7 Kh5 62. Be6 Kg5 63. Bd7 Kh4 64. Be6 1/2-1/2

[Event "Guernsey Open"]
[Site "GCI"]
[Date "2005.10.20"]
[Round "5"]
[White "Ippel, Cok"]
[Black "Van Hoek, Wim"]
[Result "0-1"]
[WhiteElo "2064"]
[BlackElo "1782"]
[PlyCount "92"]
[EventDate "2005.10.16"]

1. e4 e5 2. f4 Bc5 3. Nf3 d6 4. Bc4 Nf6 5. d3 Nc6 6. c3 Bb6 7. f5 d5 8. exd5
Nxd5 9. g4 Na5 10. Na3 c6 11. Qe2 O-O 12. Bxd5 cxd5 13. Bd2 e4 14. dxe4 dxe4
15. Nd4 Qh4+ 16. Kd1 Bd7 17. Be3 Nc6 18. Nac2 Ne5 19. Rg1 Nd3 20. Ne1 Bxd4 21.
Bxd4 Bc6 22. g5 Nf4 23. Qg4 Qxh2 24. Rc1 Nd3 25. Rc2 Qf4 26. Nxd3 Qxg4+ 27.
Rxg4 exd3 28. Rf2 Rfe8 29. Kd2 Re4 30. Rxe4 Bxe4 31. f6 gxf6 32. gxf6 h6 33.
Rf4 Bg6 34. Be3 h5 35. Rb4 b5 36. Rd4 Re8 37. Rd6 Re6 38. Rd5 Kh7 39. b3 Rxf6
40. c4 bxc4 41. bxc4 Re6 42. c5 h4 43. Rd4 h3 44. c6 h2 45. c7 h1=Q 46. c8=Q
Qg2+ 0-1

[Event "Guernsey Open"]
[Site "GCI"]
[Date "2005.10.21"]
[Round "6"]
[White "Hillarp Persson, Tiger"]
[Black "Bellin, Robert"]
[Result "1/2-1/2"]
[WhiteElo "2534"]
[BlackElo "2374"]
[PlyCount "61"]
[EventDate "2005.10.16"]

1. d4 e6 2. c4 f5 3. Nc3 Nf6 4. e3 b6 5. Bd3 Bb7 6. f3 c5 7. d5 exd5 8. cxd5
Nxd5 9. Nxd5 Bxd5 10. Bxf5 Bf7 11. Ne2 g6 12. Bc2 Bg7 13. Nf4 O-O 14. h4 Nc6
15. h5 Ne5 16. hxg6 hxg6 17. Be4 Rc8 18. Kf2 Re8 19. Kg1 b5 20. Rb1 c4 21. Bd5
Qf6 22. Rh3 Rc5 23. e4 Rxd5 24. Nxd5 Qd6 25. Bh6 Nd3 26. Bxg7 Bxd5 27. exd5
Qc5+ 28. Kh2 Qd6+ 29. g3 Kxg7 30. Qd2 Qxd5 31. Qh6+ 1/2-1/2

[Event "Guernsey Open"]
[Site "GCI"]
[Date "2005.10.21"]
[Round "6"]
[White "Goater, Kevin P"]
[Black "Taylor, Mark V"]
[Result "1/2-1/2"]
[WhiteElo "2178"]
[BlackElo "2135"]
[PlyCount "55"]
[EventDate "2005.10.16"]

1. f4 Nf6 2. Nf3 g6 3. e3 Bg7 4. Be2 O-O 5. O-O d6 6. d3 c5 7. Qe1 Nc6 8. c3 e6
9. a4 d5 10. Na3 b6 11. Rb1 Bb7 12. b4 cxb4 13. cxb4 Rc8 14. Bd2 Re8 15. Ne5
Nd7 16. d4 f6 17. Nd3 Rf8 18. Nb5 Ndb8 19. Na3 Nd7 20. Bg4 f5 21. Be2 Nf6 22.
b5 Nb8 23. a5 Rc7 24. axb6 axb6 25. Bb4 Re8 26. Ne5 Ne4 27. Ra1 Bf8 28. Bxf8
1/2-1/2

[Event "Guernsey Open"]
[Site "GCI"]
[Date "2005.10.21"]
[Round "6"]
[White "Roberts, Paul"]
[Black "Wismayer, Clive R"]
[Result "1-0"]
[WhiteElo "2201"]
[BlackElo "2056"]
[PlyCount "83"]
[EventDate "2005.10.16"]

1. e4 e6 2. Qe2 Be7 3. d3 d5 4. e5 c5 5. g3 Nc6 6. c3 f6 7. f4 Nh6 8. Nf3 O-O
9. Bg2 Nf7 10. exf6 Bxf6 11. O-O Qd6 12. Nbd2 Bd7 13. Nb3 Rae8 14. Qf2 b6 15.
d4 c4 16. Nbd2 {(=)} g5 17. Ne5 Bxe5 18. fxe5 Qe7 19. Qe2 Nh8 20. Nf3 h6 21. h3
Qg7 22. Be3 Ne7 23. Nh2 Kh7 24. Ng4 Ng8 25. h4 Rf5 26. hxg5 hxg5 27. Bf3 Qg6
28. Qh2+ Kg7 29. Kg2 Nf7 30. Nf2 Rxf3 31. Kxf3 Nxe5+ 32. Kg2 Nd3 33. Rh1 Nh6
34. Qxh6+ Qxh6 35. Rxh6 Kxh6 36. Ng4+ Kg6 37. Rf1 e5 38. Nxe5+ Nxe5 39. dxe5
Rxe5 40. Bd4 Re2+ 41. Rf2 Bh3+ 42. Kxh3 1-0

[Event "Guernsey Open"]
[Site "GCI"]
[Date "2005.10.21"]
[Round "6"]
[White "Dennis, Nigel W"]
[Black "Havenaar, Jan"]
[Result "0-1"]
[WhiteElo "2050"]
[BlackElo "2195"]
[PlyCount "122"]
[EventDate "2005.10.16"]

1. e4 g6 2. c4 Bg7 3. d4 d6 4. Nc3 Nd7 5. Nf3 e5 6. dxe5 Nxe5 7. Nxe5 Bxe5 8.
Be2 Ne7 9. Be3 Be6 10. f4 Bf6 11. O-O Nc6 12. a3 Qe7 13. Qd2 Na5 14. Nd5 Nb3
15. Nxe7 Nxd2 16. Bxd2 Kxe7 17. Be3 a5 18. Rab1 {(=)} a4 19. f5 Bd7 20. b4 axb3
21. Rxb3 Bc6 22. Bf3 Ra5 23. g4 Rha8 24. e5 Bxe5 25. Bxc6 bxc6 26. fxg6 hxg6
27. Rb7 f6 28. Rxc7+ Ke6 29. Rxc6 Rxa3 30. Bf2 Rc3 31. Rc7 Ra4 32. g5 f5 33. c5
Rg4+ 34. Kh1 Rxg5 35. cxd6 Rh3 36. Bg1 Kxd6 37. Rc2 Rg4 38. Rd1+ Ke7 39. Rb1
Rc3 40. Re2 Re4 41. Rg2 Rc6 42. Rb7+ Kf6 43. Rh7 Re1 44. Rh6 Kg7 45. Rh3 Rc3
46. Rh5 Bf4 47. Rxf5 Be3 48. Rb5 Rcc1 49. Rbg5 Bxg5 50. Rxg5 Kh6 51. Rg2 Rc5
52. Rg3 Rg5 53. Kg2 Rxg3+ 54. hxg3 Kg5 55. Bf2 Re7 56. Bc5 Rf7 57. Bd6 Kg4 58.
Bf4 Rxf4 59. gxf4 Kxf4 60. Kf2 Kg4 61. Kg2 g5 0-1

[Event "Guernsey Open"]
[Site "GCI"]
[Date "2005.10.21"]
[Round "6"]
[White "Twitchell, David T"]
[Black "Lock, Gavin R"]
[Result "0-1"]
[WhiteElo "1824"]
[BlackElo "2178"]
[PlyCount "110"]
[EventDate "2005.10.16"]

1. e4 e6 2. d4 d5 3. exd5 exd5 4. Bd3 Nc6 5. c3 Bd6 6. Nf3 Nge7 7. Bg5 Bg4 8.
Nbd2 Qd7 9. Qc2 f6 10. Bh4 Qe6+ 11. Kf1 Qd7 12. Bg3 O-O-O 13. a4 Bxg3 14. hxg3
Bf5 15. a5 Bxd3+ 16. Qxd3 Qf5 17. Qxf5+ Nxf5 18. Nh4 Nd6 19. g4 Kd7 20. Nf5
Nxf5 21. gxf5 Ne7 22. g4 h5 23. gxh5 Nxf5 24. Ke2 Rh6 25. Nb3 b6 26. axb6 axb6
27. Kf3 Rdh8 28. Kg4 g6 29. hxg6 Rxh1 30. Kxf5 Rxa1 31. Nxa1 Ke7 32. f4 Rh2 33.
b4 Rh3 34. g7 Rg3 35. Nc2 Kf7 36. b5 Rxc3 37. Nb4 Rb3 38. Na6 Rxb5 39. Nxc7 Ra5
40. g8=Q+ Kxg8 41. Kxf6 Ra7 42. Nxd5 b5 43. Ke6 Ra4 44. Nc3 Ra6+ 45. Kd5 b4 46.
Nd1 Ra1 47. Nb2 Ra2 48. Nd1 Rd2 49. Ne3 b3 50. Nc4 Rc2 51. Na3 Ra2 52. Nc4 b2
53. Nxb2 Rxb2 54. f5 Kf7 55. Kc6 Ke7 0-1

[Event "Guernsey Open"]
[Site "GCI"]
[Date "2005.10.21"]
[Round "6"]
[White "De Kruif, Kees"]
[Black "Thurlow, Kevin J"]
[Result "1/2-1/2"]
[WhiteElo "2054"]
[BlackElo "2124"]
[PlyCount "53"]
[EventDate "2005.10.16"]

1. b4 e5 2. Bb2 Bxb4 3. Bxe5 Nf6 4. Nc3 Nc6 5. Bxf6 Qxf6 6. Nd5 Qe5 7. Nxb4
Nxb4 8. Rb1 a5 9. Rb3 O-O 10. Nf3 Qf6 11. c3 Nc6 12. g3 b6 13. Bg2 Ba6 14. O-O
Rae8 15. Re1 Bc4 16. Rb2 Ne5 17. Nxe5 Rxe5 18. d4 Rh5 19. Qc1 d5 20. e4 dxe4
21. Rxe4 Bd5 22. Re1 Bxg2 23. Kxg2 Qc6+ 24. f3 Rf5 25. Qe3 h6 26. Rbe2 Rd8 27.
Qd3 1/2-1/2

[Event "Guernsey Open"]
[Site "GCI"]
[Date "2005.10.21"]
[Round "6"]
[White "Taylor, Robert P"]
[Black "Heppell, Ian N"]
[Result "0-1"]
[WhiteElo "1995"]
[BlackElo "2165"]
[PlyCount "74"]
[EventDate "2005.10.16"]

1. d4 d6 2. Nf3 Bg4 3. e4 Nf6 4. Bd3 Nc6 5. c3 e5 6. d5 Ne7 7. Bg5 c6 8. c4 Ng6
9. O-O Be7 10. Nbd2 Nxd5 11. Bxe7 Ndxe7 12. h3 Be6 13. Rc1 O-O 14. Rc3 h6 15.
Re1 Qd7 16. Bf1 b6 17. Nh2 Rad8 18. Qc2 Nf4 19. Ndf3 f5 20. Rd1 Qc7 21. g3 Nfg6
22. h4 fxe4 23. Qxe4 Bf5 24. Qe3 Rf6 25. h5 Nf8 26. Nh4 Ne6 27. Bd3 Rdf8 28.
Nxf5 Nxf5 29. Qd2 Nfd4 30. Rf1 Ng5 31. Qe3 Ndf3+ 32. Kg2 Nxh2 33. Kxh2 Rf3 34.
Qe2 Qd7 35. Be4 Qh3+ 36. Kg1 Qxh5 37. Rc2 Nh3+ 0-1

[Event "Guernsey Open"]
[Site "GCI"]
[Date "2005.10.21"]
[Round "6"]
[White "Von Saldern, Rudiger"]
[Black "Carpenter, Paul"]
[Result "0-1"]
[WhiteElo "2091"]
[BlackElo "1816"]
[PlyCount "101"]
[EventDate "2005.10.16"]

1. d4 d5 2. c4 e6 3. Nc3 Nf6 4. Bg5 Nbd7 5. e3 Bb4 6. Bd3 c6 7. Nge2 Qa5 8. Bh4
dxc4 9. Bxc4 Nd5 10. Qc2 N7b6 11. Bb3 O-O 12. O-O Be7 13. Bg3 c5 14. e4 Nb4 15.
Qb1 cxd4 16. Nxd4 e5 17. Ndb5 Bd7 18. Nc7 Rac8 19. N7d5 N4xd5 20. exd5 Bd6 21.
Re1 f6 22. Qd3 Be8 23. Rad1 Bg6 24. Qe2 Rfd8 25. h4 Nd7 26. h5 Bf7 27. a3 Bxa3
28. h6 Bxb2 29. Ne4 Qa3 30. Qb5 a6 31. Qd3 Nc5 32. Nxc5 Rxc5 33. Bxe5 fxe5 34.
Qg3 e4 35. Rxe4 Bf6 36. Rd3 Rc1+ 37. Kh2 Qa1 38. Qe3 Rh1+ 39. Kg3 Rxh6 40. d6
Rg6+ 41. Kf3 Bxb3 42. Re8+ Kf7 43. d7 Bd1+ 44. Ke4 Qa4+ 45. Kf5 Qb5+ 46. Ke4
Rxe8+ 47. dxe8=Q+ Qxe8+ 48. Kd5 Qxe3 49. fxe3 Bg4 50. e4 Rg5+ 51. Kd6 0-1

[Event "Guernsey Open"]
[Site "GCI"]
[Date "2005.10.21"]
[Round "6"]
[White "Van Randen, Fred"]
[Black "Burton, Ronnie"]
[Result "1/2-1/2"]
[WhiteElo "1869"]
[BlackElo "2044"]
[PlyCount "61"]
[EventDate "2005.10.16"]

1. e4 g6 2. d4 Bg7 3. Nc3 d6 4. f4 a6 5. Nf3 b5 6. Bd3 Bb7 7. e5 e6 8. O-O Nh6
9. Ne4 Bxe4 10. Bxe4 d5 11. Bd3 Nd7 12. Qe1 c5 13. dxc5 Nxc5 14. Bd2 Nxd3 15.
cxd3 O-O 16. Rc1 Rc8 17. Qe3 Nf5 18. Qa7 Ra8 19. Qc7 Rc8 20. Qb7 Rb8 21. Qxa6
Ra8 22. Qxb5 Rxa2 23. Ra1 Qa8 24. Rxa2 Qxa2 25. Rc1 Qa7+ 26. Qc5 Qb7 27. b4 Rb8
28. Qc7 Qxc7 29. Rxc7 Bf8 30. Rc1 Bxb4 31. Bxb4 1/2-1/2

[Event "Guernsey Open"]
[Site "GCI"]
[Date "2005.10.21"]
[Round "6"]
[White "Morton, Peter S"]
[Black "Collier, David O"]
[Result "1/2-1/2"]
[WhiteElo "2061"]
[BlackElo "2122"]
[PlyCount "48"]
[EventDate "2005.10.16"]

1. e4 e6 2. g3 b6 3. Bg2 Bb7 4. Nc3 Nf6 5. Nge2 d5 6. exd5 Nxd5 7. O-O Be7 8.
d3 Qd7 9. Nxd5 Bxd5 10. Nf4 Bxg2 11. Nxg2 O-O 12. f4 Nc6 13. c3 Bf6 14. d4 g6
15. Ne3 Bg7 16. Qf3 Rad8 17. b3 b5 18. Ng4 f5 19. Ne5 Nxe5 20. dxe5 Qd5 21.
Qxd5 Rxd5 22. Be3 a6 23. Rac1 Rd3 24. Kf2 Rd7 1/2-1/2

[Event "Guernsey Open"]
[Site "GCI"]
[Date "2005.10.21"]
[Round "6"]
[White "Murray, John Steven"]
[Black "Hickman, John"]
[Result "0-1"]
[WhiteElo "2031"]
[BlackElo "2115"]
[PlyCount "68"]
[EventDate "2005.10.16"]

1. e4 d6 2. d4 Nf6 3. Nc3 g6 4. Nf3 Bg7 5. Be2 O-O 6. O-O Bg4 7. Re1 Nc6 8. Be3
e5 9. d5 Ne7 10. Qd2 Bd7 11. Rad1 Ng4 12. Bg5 h6 13. Bh4 f5 14. h3 Nf6 15. exf5
gxf5 16. Bc4 Ng6 17. Bg3 Kh7 18. Nh4 Ne4 19. Nxe4 Nxh4 20. Nc3 Rg8 21. Bf1 Bf6
22. Qd3 Kh8 23. Kh1 a6 24. Ne2 Rg6 25. c4 Qg8 26. b4 f4 27. Bxf4 exf4 28. Nxf4
Rg5 29. g3 Be5 30. Qe3 Rf8 31. Nd3 Rf3 32. Qe4 Rgxg3 33. Nxe5 Rg1+ 34. Kh2
Rxf2+ 0-1

[Event "Guernsey Open"]
[Site "GCI"]
[Date "2005.10.21"]
[Round "6"]
[White "Goris, Ton"]
[Black "Edwards, L Alan"]
[Result "1/2-1/2"]
[WhiteElo "2108"]
[BlackElo "1984"]
[PlyCount "90"]
[EventDate "2005.10.16"]

1. e4 e6 2. d4 d5 3. e5 c5 4. c3 Nc6 5. Nf3 Qb6 6. a3 Nh6 7. b4 cxd4 8. cxd4
Nf5 9. Bb2 Bd7 10. Nc3 Ncxd4 11. Nxd4 Qxd4 12. Qxd4 Nxd4 13. Nxd5 Nc2+ 14. Kd2
Nxa1 15. Nc7+ Kd8 16. Nxa8 Nb3+ 17. Kc3 Nc5 18. bxc5 Bxc5 19. Be2 Kc8 20. Kc4
Be7 21. Rd1 Rd8 22. Bc3 Ba4 23. Rxd8+ Bxd8 24. Bd4 Kb8 25. Nb6 axb6 26. Kb4 Bc6
27. f3 Be7+ 28. Kb3 Kc7 29. a4 Bc5 30. Bc3 Bg1 31. h3 Bd5+ 32. Kc2 Bc6 33. Bb5
Kd7 34. Kd3 Bc5 35. f4 Ke7 36. g4 Bg2 37. h4 Bf2 38. Bb4+ Bc5 39. Bd2 Bf3 40.
g5 g6 41. Be3 Bd5 42. Bd4 Kd8 43. Kc3 Be4 44. Kc4 Bxd4 45. Kxd4 Bc6 1/2-1/2

[Event "Guernsey Open"]
[Site "GCI"]
[Date "2005.10.21"]
[Round "6"]
[White "Barnard, Paul E"]
[Black "Vorstermans, Peter"]
[Result "1/2-1/2"]
[WhiteElo "2066"]
[BlackElo "1934"]
[PlyCount "20"]
[EventDate "2005.10.16"]

1. e4 d5 2. exd5 Qxd5 3. Nc3 Qd6 4. d4 Nf6 5. Nf3 a6 6. h3 e6 7. Be2 b5 8. a3
Bb7 9. Be3 Nc6 10. Qd2 Rd8 1/2-1/2

[Event "Guernsey Open"]
[Site "GCI"]
[Date "2005.10.21"]
[Round "6"]
[White "Wiecker, Stefan"]
[Black "Kirby, Peter"]
[Result "1/2-1/2"]
[WhiteElo "1985"]
[BlackElo "2045"]
[PlyCount "68"]
[EventDate "2005.10.16"]

1. e4 c5 2. Nc3 e6 3. g3 Nc6 4. Bg2 g6 5. d3 Bg7 6. Be3 d6 7. f4 Nge7 8. Nf3
O-O 9. O-O b6 10. Qd2 Ba6 11. f5 exf5 12. Bh6 Rc8 13. Bxg7 Kxg7 14. Nh4 Nd4 15.
exf5 Nexf5 16. Nxf5+ Nxf5 17. Rxf5 gxf5 18. Rf1 f6 19. Rxf5 Rc7 20. Nd5 Rd7 21.
Nf4 Qe7 22. Bc6 Bb7 23. Bxd7 Qxd7 24. Nh5+ Kg6 25. g4 Qe7 26. Qf2 Bc8 27. Nf4+
Kg7 28. Nh5+ Kg6 29. Nf4+ Kg7 30. Nh5+ Kg6 31. Rf4 Bb7 32. h3 Qe5 33. c3 h6 34.
Rf5 Qe7 1/2-1/2

[Event "Guernsey Open"]
[Site "GCI"]
[Date "2005.10.21"]
[Round "6"]
[White "Cummins, John"]
[Black "Jamieson, Ian"]
[Result "1-0"]
[WhiteElo "1921"]
[BlackElo "2026"]
[PlyCount "39"]
[EventDate "2005.10.16"]

1. e4 e6 2. d4 d5 3. e5 c5 4. Nf3 cxd4 5. Bd3 Nc6 6. Bf4 Bc5 7. Nbd2 Nge7 8.
O-O O-O 9. Nb3 Bb6 10. Bxh7+ Kxh7 11. Ng5+ Kg6 12. Qg4 Nxe5 13. Bxe5 f5 14. Qg3
Kh5 15. Nh7 Nc6 16. Nxf8 Nxe5 17. Qxg7 Qc7 18. Qh8+ Kg4 19. h3+ Kf4 20. Qh6+
1-0

[Event "Guernsey Open"]
[Site "GCI"]
[Date "2005.10.21"]
[Round "6"]
[White "Morcom, Huw"]
[Black "Heath, Jeffrey"]
[Result "1/2-1/2"]
[WhiteElo "1965"]
[BlackElo "2019"]
[PlyCount "43"]
[EventDate "2005.10.16"]

1. e4 c5 2. Nf3 d6 3. d4 cxd4 4. Nxd4 Nc6 5. Nc3 Nf6 6. Be2 e6 7. O-O a6 8. a4
Bd7 9. Kh1 Be7 10. f4 O-O 11. Be3 Qc7 12. f5 Rac8 13. g4 Nxd4 14. Qxd4 exf5 15.
gxf5 Ne8 16. Nd5 Qd8 17. Nxe7+ Qxe7 18. Bd3 Bc6 19. Bf4 Rd8 20. Kg1 Nf6 21. Bg5
Qe5 22. Qxe5 1/2-1/2

[Event "Guernsey Open"]
[Site "GCI"]
[Date "2005.10.21"]
[Round "6"]
[White "Spanton, Timothy"]
[Black "Dawson, Jeffery"]
[Result "0-1"]
[WhiteElo "2018"]
[BlackElo "1982"]
[PlyCount "60"]
[EventDate "2005.10.16"]

1. e4 e6 2. d4 d5 3. Nc3 dxe4 4. Nxe4 Nf6 5. Bg5 Be7 6. Bxf6 gxf6 7. Nf3 b6 8.
Bb5+ c6 9. Ba4 Bb7 10. Qe2 Nd7 11. O-O-O Qc7 12. Kb1 f5 13. Ng3 O-O-O 14. Nxf5
Bf6 15. Nh6 Rhf8 16. Ng4 Rg8 17. Nxf6 Nxf6 18. g3 b5 19. Bb3 Nd7 20. Rhe1 c5
21. dxc5 Nxc5 22. Nd4 a6 23. c3 Nxb3 24. Nxb3 Bd5 25. Nd4 Rd6 26. Rc1 Rgd8 27.
f4 f5 28. Red1 Kb7 29. Rd2 Be4+ 30. Ka1 Rxd4 0-1

[Event "Guernsey Open"]
[Site "GCI"]
[Date "2005.10.21"]
[Round "6"]
[White "Nicholson, John"]
[Black "Van Hoek, Wim"]
[Result "1/2-1/2"]
[WhiteElo "2000"]
[BlackElo "1782"]
[PlyCount "24"]
[EventDate "2005.10.16"]

1. e4 e5 2. Nf3 Nc6 3. Bb5 f5 4. d3 fxe4 5. dxe4 Nf6 6. Bg5 d6 7. Nbd2 Be7 8.
O-O O-O 9. h3 Kh8 10. Re1 h6 11. Bxf6 Bxf6 12. Nf1 Be6 1/2-1/2